000 00667nam a2200289Ia 4500
005 20260324141837.0
008 008 260324s9999 xx 000 0 eng d
020 _a9781315887722
037 _aEBOOK
040 _aCRL
040 _beng
040 _cCRL
041 _2eng
041 _aeng
084 _qCRL
100 _aBrian A. Sparkes
_91209731
245 4 _aThe Red and the Black
245 0 _bStudies in Greek Pottery
260 _bTaylor and Francis
260 _c1996
365 _a
365 _b230
856 _uhttp://www.taylorfrancis.com/books/9781315887722
942 _cEBOOK
999 _c1813236
_d1813236